Statistiques concernant Les chanteurs les plus streamés en France

Cliquez ici pour prendre le quiz!

Statistiques générales

  • Ce quiz a été pris 157 fois
  • Le résultat moyen est 4 sur 10

Statistiques - réponses

ClassementRéponse% Correct
3Jul
86%
2Ninho
69%
9PNL
59%
1Damso
52%
6Booba
48%
5Dadju
32%
7Maitre Gims
21%
4Vald
19%
10Drake
12%
8XXXTentacion
2%

Distribution des résultats

Percentile par nombre de réponses

% des personnes avec chaque résultat

Votre développement - résultats

Vous n’avez pas pris ce quiz